000 01116nam0a2200301 4500
001 RU\NLR\ONL2\22724
005 20260406061956.0
010 _a978-5-7670-1867-3
_91000
035 _a(NLR Aleph) 010209683
090 _a10269242
_c10269242
100 _a20120326d2011 |||y0rusy50 ca
101 1 _achv
_crus
102 _aRU
105 _ay |||||||||
200 1 _aХун патши Аттил
_eист. калавсем
_fВалерий Железнов
_gчǎвашла Ю. Сементер куçарнǎ
210 _aШупашкар
_cЧǎваш кěнеке изд-ви
_d2011
215 _a62,[2] с.
_d21
541 1 _aВеликий гунн Аттила
_eист. рассказы: для ст. шк. возраста
_zrus
686 1 _aШ9(2)672=Чув(Р)-4
700 1 _aЖелезнов
_bВ. И.
_gВалерий Иванович
_4070
702 0 _4570
_8rus
_7ca
_aАттила
_f-453
_3RU\NLR\auth\7712166
_9121895
801 0 _aRU
_bNLR
_c20120326
_gPSBO
852 _aNLR
_bОНЛ
_jЧув./3-4014
942 _cBOOK
980 _aNB
980 _aONL_RF